| 000 | 00435cam a2200181ua 4500 | ||
|---|---|---|---|
| 020 | _c0.50 | ||
| 041 |
_amal _h |
||
| 082 |
_a332 _bLAK/PA |
||
| 100 | _aLakshmana, Panikker . | ||
| 245 |
_aPanathinte katha / _cLakshmana Panikker. _hTextual Documents |
||
| 250 |
_a1 / _b. |
||
| 260 |
_aKottayam : _bNational Book Stall , _c1956. |
||
| 300 | _a54 ; . | ||
| 365 | _a0.50 | ||
| 504 | _a | ||
| 942 | _cBK | ||
| 999 |
_c6561 _d6561 |
||